Bandiere dei paesi che iniziano con E - Statistics

Statistiche generali
  • Questo quiz è stato fatto 100 volte
  • Il punteggio medio è 7 su 8
Statistiche sulle risposte
con Immagini Risposta % Corretto
Ecuador
98%
Estonia
98%
Etiopia
98%
Egitto
96%
Emirati Arabi Uniti
95%
El Salvador
92%
Eritrea
89%
Eswatini
81%
Nessun quiz corrispondente trovato
Distribuzione punteggi
Percentuale di utenti per punteggio
Percentile per numero di risposta
I tuoi punteggi nel tempo
Non hai fatto questo quiz